Statystyki dla Wszystkie polskie kluby piłkarskie na literę J

Kliknij tutaj aby rozwiązać quiz!

Ogólne statystyki

  • Ten quiz został rozwiązany 7 razy
  • Średni wynik to 2 z 76

Statystyki odpowiedzi

Odpowiedź% Poprawnych
Jagiellonia Białystok
86%
JKS Jarosław
29%
Jadowniczanka Jadowniki
14%
Jeziorak Iława
14%
Jordan Jordanów
14%
Jabłonianka Jabłonna Lacka
0%
Jaga Lututów
0%
Jagiellonka Nieszawa
0%
Jaguar Wolanów
0%
Jamnica Dulcza Wielka
0%
Janina Libiąż
0%
Janowia Janów Podlaski
0%
Janowianka Janów Lubelski
0%
Jantar Dziwnów
0%
Jantaria Pobłocie
0%
Jantar Siemyśl
0%
Jantar Sopot
0%
Jantar Strzyżewice
0%
Jantar Ustka
0%
Jarota Jarocin
0%
Jasiołka Hankówka-Brzyszczki
0%
Jasiołka Jaśliska
0%
Jasiołka Świerzowa
0%
Jasiołka Szebnie
0%
Jaśnica Opolno Zdrój
0%
Jastrząb Bielszowice
0%
Jata Żdżary
0%
Jawor Krzemiennica
0%
Jawornik Czarna
0%
Jawornik Gorzków
0%
Jaworzanka Jaworzna
0%
Jedność Boronów
0%
Jedność Jejkowice
0%
Jedność Niechobrz
0%
Jedność Nowy Sącz
0%
Jedność Paleśnica
0%
Jedność Podmokle
0%
Jedność Przewłoki
0%
Jedność Przyszowice
0%
Jedność Tuczno
0%
Jedność Wieprz
0%
Jedność Żabieniec
0%
Jedność Zakrzewo
0%
Jeleśnianka Jeleśnia
0%
Jeziorak Chwałowice
0%
Jeziorak Załom
0%
JKS Jasionów
0%
JKS Zelków
0%
Jodła Jedlnia-Letnisko
0%
Jodła Przychojec
0%
Joker Karlikowo Krokowa
0%
Jordan Sum Zakliczyn
0%
Józefovia Józefów
0%
Jubilat Izdebnik
0%
Julia Szklarska Poręba
0%
Junak Stryjno
0%
Junak Warszawa
0%
Junior Szarlejka
0%
Jurand Barciany
0%
Jurand Bolechówko
0%
Jura Niegowa
0%
Jutrzenka Bychlew
0%
Jutrzenka Cegłów
0%
Jutrzenka Drzewce
0%
Jutrzenka Ławnica
0%
Jutrzenka Mokra Prawa
0%
Jutrzenka Ostrężnica
0%
Jutrzenka Warta
0%
Juvenia Cieszanów
0%
Juvenia Rybnica
0%
Juvenia Wysokienice
0%
Juventa Starachowice
0%
Juventus Poraż
0%
Juve Uniechów
0%
JUW-e Jaroszowice
0%
Juwenia Boczów
0%

Rozkład punktacji

Percentyl według liczby udzielonych odpowiedzi

Procent ludzi z każdym wynikiem

Twoja historia wyników

Nie rozwiązałeś tego quizu